Joint production and taxation
Αποθηκεύτηκε σε:
| Κύριος συγγραφέας: | |
|---|---|
| Μορφή: | Βιβλίο |
| Γλώσσα: | Greek |
| Δημοσίευση: |
Athens :
Centre of Planning and Economic Research,
1992
|
| Σειρά: | Εργασίες για συζήτηση = Discussion papers ;
; 10 |
| Θέματα: | |
| Ετικέτες: |
Προσθήκη ετικέτας
Δεν υπάρχουν, Καταχωρήστε ετικέτα πρώτοι!
|
MARC
| LEADER | 00000cam a2200000 i 4500 | ||
|---|---|---|---|
| 001 | 1/103321 | ||
| 008 | 950515s1992 gre d | ||
| 035 | |l 10012842 | ||
| 040 | |a GR-MY-UA |b gre |e aacr | ||
| 041 | 0 | |a gre | |
| 082 | 0 | |a 336.243 | |
| 100 | 1 | |a Ραπάνος, Βασίλης. | |
| 245 | 1 | 0 | |a Joint production and taxation / |c Rapanos V. |
| 260 | |a Athens : |b Centre of Planning and Economic Research, |c 1992 | ||
| 300 | |a 29p. | ||
| 490 | 1 | |a Discussion Papers |v ; 10 | |
| 504 | |a Bibliography: p.27 | ||
| 650 | 0 | 0 | |a Income tax. |
| 650 | 0 | 0 | |a Taxation. |
| 650 | 0 | 0 | |a Corporations |x Taxation. |
| 830 | 0 | |a Εργασίες για συζήτηση = Discussion papers ; |v ; 10 | |
| 852 | |a INST |b LESVOS |e 19950515 |h 336.243 ΡΑΠ |p 005100000837 |q 005100000837 |t BK |y 0 | ||
| 909 | |a Λ |b 023860 | ||
| 970 | |z 2000/05/ΟΙΚΟΝΟΜΟΠΟΥΛΟΥ ΧΡΙΣΤΙΝΑ | ||